Toute les communes du Val-d'Oise (Extrême) - Statistiques

Statistiques générales
  • Ce quiz a été pris 62 fois
    27 depuis la dernière actualisation
  • Le résultat moyen est 122 sur 183
Statistiques - réponses
Département Communes % Correct
Argenteuil
100%
Arnouville
100%
Asnières-sur-Oise
100%
Auvers-sur-Oise
100%
Beaumont-sur-Oise
100%
Bezons
100%
Bouffémont
100%
Cergy
100%
Champagne-sur-Oise
100%
Cormeilles-en-Parissis
100%
Courdimanche
100%
Deuil-la-Barre
100%
Domont
100%
Eaubonne
100%
Écouen
100%
Enghien-les-Bains
100%
Épiais-lès-Louvres
100%
Épiais-Rhus
100%
Éragny
100%
Ermont
100%
Ézanville
100%
Franconville
100%
Garges-lès-Gonesse
100%
Gonesse
100%
Goussainville
100%
Groslay
100%
Herblay-sur-Seine
100%
Jouy-le-Moutier
100%
La Frette-sur-Seine
100%
Le Plessis-Bouchard
100%
L'Isle-Adam
100%
Louvres
100%
Luzarches
100%
Magny-en-Vexin
100%
Marines
100%
Menucourt
100%
Mériel
100%
Méry-sur-Oise
100%
Moisselles
100%
Montlignon
100%
Montmagny
100%
Montmorency
100%
Neuville-sur-Oise
100%
Osny
100%
Parmain
100%
Persan
100%
Pierrelaye
100%
Pontoise
100%
Saint-Brice-sous-Forêt
100%
Saint-Gratien
100%
Saint-Leu-la-Forêt
100%
Saint-Ouen-l'Aumône
100%
Saint-Prix
100%
Saint-Witz
100%
Sannois
100%
Sarcelles
100%
Soisy-sous-Montmorency
100%
Taverny
100%
Us
100%
Vauréal
100%
Viarmes
100%
Villiers-Adam
100%
Villiers-le-Bel
100%
Val-d'Oise Ableiges
67%
Amenucourt
67%
Andilly
67%
Arronville
67%
Arthies
67%
Attainville
67%
Bellefontaine
67%
Belloy-en-France
67%
Bernes-sur-Oise
67%
Bessancourt
67%
Béthemont-la-Forêt
67%
Bonneuil-en-France
67%
Bouqueval
67%
Butry-sur-Oise
67%
Chars
67%
Chaumontel
67%
Chauvry
67%
Cormeilles-en-Vexin
67%
Ennery
67%
Fontenay-en-Parisis
67%
Fosses
67%
Frépillon
67%
Frouville
67%
Grisy-les-Plâtres
67%
Hédouville
67%
Hérouville-en-Vexin
67%
La Roche-Guyon
67%
Le Mesnil-Aubry
67%
Le Perchay
67%
Le Plessis-Gassot
67%
Le Plessis-Luzarches
67%
Le Thillay
67%
Maffliers
67%
Mareil-en-France
67%
Margency
67%
Marly-la-Ville
67%
Menouville
67%
Montigny-lès-Cormeilles
67%
Montreuil-sur-Epte
67%
Montsoult
67%
Mours
67%
Nerville-la-Forêt
67%
Nesles-la-Vallée
67%
Nointel
67%
Piscop
67%
Presles
67%
Puiseux-en-France
67%
Roissy-en-France
67%
Sagy
67%
Saint-Clair-sur-Epte
67%
Survilliers
67%
Vallangoujard
67%
Valmondois
67%
Vaudherland
67%
Vémars
67%
Villaines-sous-Bois
67%
Villeron
67%
Villiers-le-Sec
67%
Wy-dit-Joli-Village
67%
Aincourt
33%
Ambleville
33%
Avernes
33%
Baillet-en-France
33%
Banthelu
33%
Beauchamp
33%
Berville
33%
Boissy-l'Aillerie
33%
Bray-et-Lû
33%
Bréançon
33%
Brignancourt
33%
Bruyères-sur-Oise
33%
Buhy
33%
Charmont
33%
Châtenay-en-France
33%
Chaussy
33%
Chennevières-lès-Louvres
33%
Chérence
33%
Cléry-en-Vexin
33%
Commeny
33%
Condécourt
33%
Courcelles-sur-Viosne
33%
Épinay-Champlâtreux
33%
Frémainville
33%
Frémécourt
33%
Genainville
33%
Génicourt
33%
Guiry-en-Vexin
33%
Haravilliers
33%
Haute-Isle
33%
Hodent
33%
Jagny-sous-Bois
33%
Labbeville
33%
La Chapelle-en-Vexin
33%
Lassy
33%
Le Bellay-en-Vexin
33%
Le Heaulme
33%
L'ivilliers
33%
Longuesse
33%
Maudétour-en-Vexin
33%
Montgeroult
33%
Moussy
33%
Noisy-sur-Oise
33%
Nucourt
33%
Omerville
33%
Puiseux-Pontoise
33%
Ronquerolles
33%
Saint-Cyr-en-Arthies
33%
Saint-Martin-du-Tertre
33%
Santeuil
33%
Seraincourt
33%
Seugy
33%
Théméricourt
33%
Theuville
33%
Vétheuil
33%
Vienne-en-Arthies
33%
Vigny
33%
Villers-en-Arthies
33%
Boisemont
0%
Neuilly-en-Vexin
0%
Saint-Gervais
0%
Aucun quiz correspondant
Distribution des résultats
% des personnes avec chaque résultat
Percentile par nombre de réponses
Votre historique - résultats
Vous n’avez pas pris ce quiz depuis la dernière actualisation